LEADER 01193nam--2200349---450- 001 990000289190203316 010 $a92-9114-002-3 035 $a0028919 035 $aUSA010028919 035 $a(ALEPH)000028919USA01 035 $a0028919 100 $a20001113d1999----km-y0itay0103----ba 101 $afre$aeng 102 $aFR 105 $a||||||||001yy 200 1 $aListe d'abréviations de mots des trites de publications en série (conforme à ISO 4)$dList of serial title word abbreviations (in accordance with ISO 4) 210 $aParis$cCentre international de l'ISSN$dcopyr.1999 215 $a395 p.$d30 cm 461 1$1001-------$12001 606 0 $aPeriodici$xCatalogazione$xStandardizzazione 676 $a025.3432 801 0$aIT$bsalbc$gISBD 912 $a990000289190203316 951 $aXIII D 258$b153252 L.M.$cXIII D$d00007824 959 $aBK 969 $aUMA 979 $aTAMI$b40$c20001113$lUSA01$h1326 979 $aTAMI$b40$c20001113$lUSA01$h1327 979 $c20020403$lUSA01$h1637 979 $aPATRY$b90$c20040406$lUSA01$h1620 996 $aListe d'abréviations de mots des trites de publications en série (conforme à ISO 4$9880326 997 $aUNISA LEADER 01250nam--2200397---450- 001 990003004780203316 005 20071105102840.0 010 $a978-90-04-16046-0 035 $a000300478 035 $aUSA01000300478 035 $a(ALEPH)000300478USA01 035 $a000300478 100 $a20071105d2007----km-y0itay50------ba 101 $aeng 102 $aNL 105 $aa---||||001yy 200 1 $aAristotle on memory and recollection$etext, translation, interpretation, and reception in Western Scholasticism$fDavid Bloch 210 $aLeiden [etc.]$cBrill$d2007 215 $aXIII, 276 p., [1] c. di tav.$cill.$d24 cm. 225 2 $aPhilosophia antiqua$v110 410 0$12001$aPhilosophia antiqua$v110 454 1$12001 461 1$1001-------$12001 604 $aAristotele. De memoria e reminiscentia 606 0 $aMemoria 676 $a185 700 1$aBLOCH,$bDavid$0599102 801 0$aIT$bsalbc$gISBD 912 $a990003004780203316 951 $aII.1.A. 1148$b202339 L.M.$cII.1.A.$d00162051 959 $aBK 969 $aUMA 979 $aRIVELLI$b90$c20071105$lUSA01$h1027 979 $aRIVELLI$b90$c20071105$lUSA01$h1028 996 $aAristotle on memory and recollection$91024234 997 $aUNISA